| 000 | 00000nam 2200000za 4500 |
| 001 | 9.587782 |
| 003 | CaOODSP |
| 005 | 20210624194812 |
| 007 | cr ||||||||||| |
| 008 | 150406s2011 quc|||||o f|0| 0 fre d |
| 040 | |aCaOODSP|bfre |
| 041 | |aeng |
| 041 | |afre |
| 043 | |an-cn--- |
| 086 | 1 |aS52-2/280-2011-PDF |
| 110 | 1 |aCanada.|bTravaux publics et Services gouvernementaux Canada.|bBureau de la traduction. |
| 245 | 10|aLexique du Tribunal de la concurrence |h[ressource électronique]. |
| 260 | |aGatineau : |bTravaux publics et Services gouvernementaux Canada, |cc2011. |
| 300 | |a160 p. |
| 490 | 1 |aBulletin de terminologie ; |v280 |
| 500 | |aL'ISBN (978-1-100-53845-7) imprimée dans cette publication est incorrect. |
| 590 | |a13-11-Supp|b2013-04-26 |
| 791 | |tCompetition Tribunal glossary |eeng|w(CaOODSP)9.587781 |
| 830 | #0|aBulletin de terminologie ;|v280|w(CaOODSP)9.500140 |
| 856 | 40|ahttp://publications.gc.ca|qPDF|s987 Ko|uhttps://publications.gc.ca/collections/collection_2013/tpsgc-pwgsc/S52-2-280-2011.pdf |